Supernovae spectra (Record no. 6879)

MARC details
000 -LEADER
fixed length control field 00634nam a2200205Ia 4500
003 - CONTROL NUMBER IDENTIFIER
control field IN-BaIIA
008 - FIXED-LENGTH DATA ELEMENTS--GENERAL INFORMATION
fixed length control field 211028s9999 xx 000 0 eng d
020 ## - INTERNATIONAL STANDARD BOOK NUMBER
International Standard Book Number 0-88318-162-2
040 ## - CATALOGING SOURCE
Transcribing agency IIA Library
080 ## - UNIVERSAL DECIMAL CLASSIFICATION NUMBER
Universal Decimal Classification number 524.352
Item number SUP
245 #0 - TITLE STATEMENT
Title Supernovae spectra
Statement of responsibility, etc. edited by Roland Meyerott and George H. Gillespie.
260 ## - PUBLICATION, DISTRIBUTION, ETC.
Place of publication, distribution, etc. New York
Name of publisher, distributor, etc. American Institute of Physics
Date of publication, distribution, etc. 1980
300 ## - PHYSICAL DESCRIPTION
Extent vii, 173p.
650 ## - SUBJECT ADDED ENTRY--TOPICAL TERM
Topical term or geographic name entry element Astronomy and astrophysics thesaurus
650 ## - SUBJECT ADDED ENTRY--TOPICAL TERM
Topical term or geographic name entry element Spectra - supernovae
9 (RLIN) 11785
650 ## - SUBJECT ADDED ENTRY--TOPICAL TERM
Topical term or geographic name entry element Supernovae
9 (RLIN) 1357
700 ## - ADDED ENTRY--PERSONAL NAME
Personal name Gillespie, George H., ed.
9 (RLIN) 11786
700 ## - ADDED ENTRY--PERSONAL NAME
Personal name Meyerott, Roland., ed.
9 (RLIN) 11787
942 ## - ADDED ENTRY ELEMENTS (KOHA)
Koha item type Books
952 ## - LOCATION AND ITEM INFORMATION (KOHA)
-- 20.25
Holdings
Withdrawn status Lost status Damaged status Not for loan Home library Current library Shelving location Date acquired Total Checkouts Full call number Barcode Date last seen Price effective from Koha item type
        IIA Library-Bangalore IIA Library-Bangalore General Stacks 15/10/1981   524.352/ SUP 7645 05/11/2021 15/10/1981 Books

Powered by Koha